000 00696nam a2200241Ia 4500
001 dia_1405
003 CHAP
005 20221130102550.0
008 220117s1972 xx 000 0 und d
010 _a171945
040 _cCHAP
082 _a612.015 H82
100 _aHudson, B.J.F.
_956630
245 _aDesarrollos Actuales en las Nuevas Proteinas /
_c por B.J.F. Hudson
260 _aChapingo,México. ENA.
_c1972
300 _a22 p.
400 _aSERIE DE ENCUADERNACIONES. DEPARTAMENTO DE INDUSTRIAS Agrícolas
650 _a1.proteinas.
901 _a612.015 H82
902 _aM
905 _a0000001972 MEXX 0000000000ESP00
942 _cLIBRO
_2ddc
999 _c171945
_d171945